LEADER 01620nam0 22003733i 450 001 VAN00275648 005 20251107110705.923 017 70$2N$a9789811969782 100 $a20240506d2023 |0itac50 ba 101 $aeng 102 $aSG 105 $a|||| ||||| 181 $ai$b e 182 $ab 183 $acr 200 1 $aWomen Farmers: Unheard Being Heard$feditors Sugandha Munshi, Madhulika Singh 210 $aSingapore$cSpringer$d2023 215 $aXVIII, 182 p.$cill.$d24 cm 410 1$1001VAN00271026$12001 $aSustainability Sciences in Asia and Africa$1210 $aCham$cSpringer$d2022- 620 $aSG$dSingapore$3VANL000061 676 $a338.1$cEconomia - Agricoltura$v22 676 $a338.927$cTecnologia alternativa. Economia ambientale. Sviluppo sostenibile$v22 676 $a630$cAgricoltura e tecnologie connesse$v22 702 1$aMunshi$bSugandha$3VANV228235 702 1$aSingh$bMadhulika$3VANV228236 712 $aSpringer $3VANV108073$4650 801 $aIT$bSOL$c20251114$gRICA 856 4 $uhttps://link.springer.com/book/10.1007/978-981-19-6978-2$zE-book - Accesso al full-text attraverso riconoscimento IP di Ateneo, proxy e/o Shibboleth 899 $aBIBLIOTECA DEL DIPARTIMENTO DI SCIENZE E TECNOLOGIE AMBIENTALI BIOLOGICHE E FARMACEUTICHE$1IT-CE0101$2VAN17 912 $fN 912 $aVAN00275648 950 $aBIBLIOTECA DEL DIPARTIMENTO DI SCIENZE E TECNOLOGIE AMBIENTALI BIOLOGICHE E FARMACEUTICHE$d17CONS e-book 2309 $e17BIB2309/353 353 20240506 996 $aWomen Farmers$93762323 997 $aUNICAMPANIA